| 000 | 00691nam a2200193Ii 4500 | ||
|---|---|---|---|
| 003 | JO-AjNU | ||
| 008 | 230605s9999||||xx |||||||||||||| ||und|| | ||
| 040 |
_aJO-AjNU _bara _erda _cJO-AjNU |
||
| 041 | _aara | ||
| 050 | 1 | 4 | _aHF1379 .N3758. 2008 |
| 100 | 3 |
_aناصف ، إيمان عطية /هشام محمد عمارة, _eauthor _932205 |
|
| 245 | 0 | 0 | _aمبادىء الاقتصاد الدولي |
| 264 | 3 | 1 | _aالقاهرة:المكتب الجامعي الحديث،2008 |
| 300 | _a330ص | ||
| 336 |
_atext _btxt _2rdacontent |
||
| 337 |
_aunmediated _bn _2rdamedia |
||
| 338 |
_avolume _bnc _2rdacarrier |
||
| 650 | 4 |
_aالاقتصاد الدولي-التجارة الخارجية _932206 |
|
| 999 |
_aA12973 _c16541 _d16541 |
||